Le grand atlas de l'astronomie / (Record no. 75482)

MARC details
000 -LEADER
campo de control de longitud fija 00685nam a2200205 i 4500
001 - NÚMERO DE CONTROL
campo de control 75482
003 - IDENTIFICADOR DE NÚMERO DE CONTROL
campo de control ES-MaACL
007 - CAMPO FIJO DE DESCRIPCIÓN FÍSICA--INFORMACIÓN GENERAL
campo de control de longitud fija t|
008 - DATOS DE LONGITUD FIJA--INFORMACIÓN GENERAL
campo de control de longitud fija 040924s1985 fr ||||1| fre d
020 ## - NÚMERO INTERNACIONAL ESTÁNDAR DEL LIBRO
Número Internacional Estándar del Libro 2-85229-981-X
245 03 - MENCIÓN DEL TÍTULO
Título Le grand atlas de l'astronomie /
Mención de responsabilidad, etc. realisé par Encyclopaedia Universalis ; sous la responsabilité scientifique de Jean Audoze et de Guy Israël.
260 ## - PUBLICACIÓN, DISTRIBUCIÓN, ETC.
Lugar de publicación, distribución, etc. [S.l. :
Nombre del editor, distribuidor, etc. s.n.,
Fecha de publicación, distribución, etc. 1985] (
Lugar de fabricación/manufactura Malesherbes :
Fabricante Maury)
300 ## - DESCRIPCIÓN FÍSICA
Extensión 452 p. :
Otras características físicas il. ;
Dimensiones 37 cm.
500 ## - NOTA GENERAL
Nota general Indice.
504 ## - NOTA DE BIBLIOGRAFÍA, ETC.
Nota de bibliografía, etc. Bibliografía.
700 1# - ENTRADA AGREGADA--NOMBRE PERSONAL
Nombre de persona Audouze, Jean.
9 (RLIN) 23869
700 1# - ENTRADA AGREGADA--NOMBRE PERSONAL
Nombre de persona Israel, Guy.
9 (RLIN) 65595
710 2# - ENTRADA AGREGADA--NOMBRE DE ENTIDAD CORPORATIVA
Nombre de entidad corporativa o nombre de jurisdicción como elemento de entrada Encyclopaedia Universalis.
9 (RLIN) 3473
852 ## - LOCALIZACIÓN
Ubicación ES-MaACL
Número de control de estantería B-8094
Sublocalización o colección R.112676
Holdings
Estatus retirado Estado de pérdida Estado de daño No para préstamo Biblioteca de origen Biblioteca actual Ubicación en estantería Fecha de adquisición Fuente de adquisición Total de préstamos Signatura topográfica completa Código de barras Visto por última vez Precio de reemplazo Tipo de ítem Koha
        Biblioteca del Ateneo de Madrid Biblioteca del Ateneo de Madrid Sala Pardo Bazán 17/01/2008     B-8094 1079007 23/02/2023 23/02/2023 Libro impreso